[Event "Let's Play Chess!"]
[Site "http://www.queenalice.com/game.php?id=450884"]
[Date "2008.8.20"]
[Round "-"]
[White "trajan42"]
[Black "BraulioFerreira"]
[Result "1-0"]
[WhiteElo "2158"]
[BlackElo "1785"]

1. d4 d5 2. c4 e6 3. Nc3 Nf6 4. cxd5 exd5 5. Nf3 c6 6. Bg5 Be7 7. Qc2 Nbd7 8.
O-O-O O-O 9. e3 h6 10. Bf4 Nb6 11. Bd3 Bg4 12. h3 Bxf3 13. gxf3 Bd6 14. Ne2 Rc8
15. Rhg1 Kh8 16. Bxd6 Qxd6 17. Kb1 Nbd7 18. e4 Nh5 19. e5 Qe7 20. f4 f6 21. Bg6
fxe5 22. Bxh5 exf4 23. Rde1 Qd6 24. Rg6 Rf6 25. Rxf6 Nxf6 26. Qf5 Nxh5 27. Qxc8+
Kh7 28. Nc3 b6 29. Qf5+ g6 30. Qf7+ Ng7 31. Re7 1-0

[Event "Challenge"]
[Site "http://www.queenalice.com/game.php?id=451445"]
[Date "2008.8.21"]
[Round "-"]
[White "juan_francisco"]
[Black "BraulioFerreira"]
[Result "0-1"]
[WhiteElo "1428"]
[BlackElo "1811"]

1. e4 e5 2. Bc4 Bc5 3. Qh5 Qe7 4. d3 Nf6 5. Qf3 d6 6. Bg5 Nbd7 7. Nc3 c6 8. Bxf6
Nxf6 9. Nh3 h6 10. O-O O-O 11. a3 Be6 12. Bxe6 Qxe6 13. Na4 Bd4 14. c3 Bb6 15.
Nxb6 axb6 16. d4 exd4 17. cxd4 Qxe4 18. Qxe4 Nxe4 19. Rae1 Nd2 20. Re7 Nxf1 21.
Kxf1 Rab8 22. Rd7 Rfd8 23. Rxd8+ Rxd8 24. b4 c5 25. bxc5 bxc5 26. dxc5 dxc5 27.
g4 Rd3 28. Nf4 Rxa3 29. h4 Ra4 30. Nd5 Rxg4 31. Ne7+ Kf8 32. Nf5 c4 33. f3 Rf4
34. Ne3 Rxh4 35. Ng2 c3 36. Nxh4 c2 37. Nf5 c1=Q+ 38. Kg2 Qc2+ 39. Kg3 Qxf5 40.
f4 Ke7 41. Kf3 Ke6 42. Ke3 Kd5 43. Kf3 Kd4 44. Kg3 Ke3 0-1

[Event "Let's Play Chess!"]
[Site "http://www.queenalice.com/game.php?id=451644"]
[Date "2008.8.21"]
[Round "-"]
[White "swordfish"]
[Black "BraulioFerreira"]
[Result "0-1"]
[WhiteElo "1692"]
[BlackElo "1812"]

1. e4 c5 2. c4 Nc6 3. Nf3 e6 4. d4 cxd4 5. Nxd4 Nxd4 6. Qxd4 Qc7 7. Nc3 e5 8.
Nb5 Qb8 9. Qc3 Nf6 10. f3 a6 11. Na3 Be7 12. Bd3 d6 13. f4 exf4 14. Bxf4 O-O 15.
c5 Qc7 16. b4 Rd8 17. Rd1 Qd7 18. Be2 Nxe4 19. Qf3 Qc6 20. O-O dxc5 21. Bh6 Nf6
22. Qg3 Bg4 23. Bxg4 Nxg4 24. Qxg4 Qxh6 25. Qc4 Rxd1 26. Rxd1 cxb4 27. Re1 Qb6+
28. Kh1 bxa3 29. g3 Qc5 30. Qe4 Qc6 31. Qxc6 bxc6 32. Rxe7 g6 33. h4 Rb8 34. g4
Rb2 0-1

[Event "Let's Play Chess!"]
[Site "http://www.queenalice.com/game.php?id=451645"]
[Date "2008.8.21"]
[Round "-"]
[White "BraulioFerreira"]
[Black "swordfish"]
[Result "0-1"]
[WhiteElo "1785"]
[BlackElo "1675"]

1. g3 d5 2. Nf3 c5 3. Bg2 Nc6 4. d4 Bf5 5. c3 g6 6. O-O Bg7 7. dxc5 e5 8. Nh4
Qd7 9. Nxf5 Qxf5 10. Bxd5 Rd8 11. Bxc6+ Ke7 12. Qa4 bxc6 13. Qxa7+ Rd7 14. Qa6
Nf6 15. Qxc6 Rhd8 16. Qa4 Qg4 17. f3 Qxa4 18. b3 Qb5 19. Re1 Rd1 0-1

[Event "scarabeli"]
[Site "http://www.queenalice.com/game.php?id=454342"]
[Date "2008.8.27"]
[Round "3"]
[White "BraulioFerreira"]
[Black "ozimandias"]
[Result "1-0"]
[WhiteElo "1700"]
[BlackElo "1517"]

1. e4 e6 2. c3 d5 3. exd5 exd5 4. d4 Qe7+ 5. Be3 Nf6 6. Be2 Ne4 7. Nf3 Nc6 8.
O-O Qd7 9. Nbd2 Bd6 10. Bd3 O-O 11. Nxe4 dxe4 12. Bxe4 Re8 13. Bd3 Qg4 14. Re1
Qh5 15. Be2 Bxh2+ 16. Nxh2 Qh4 17. Bg4 Bxg4 18. Qxg4 Qxg4 19. Nxg4 Rad8 20. Bf4
f5 21. Bxc7 Rc8 22. Rxe8+ Rxe8 23. Ne3 Re4 24. Re1 f4 25. Nc2 Rxe1+ 26. Nxe1 g5
27. Nf3 h5 28. Nxg5 b5 29. Bxf4 Ne7 30. Ne4 Nd5 31. Be3 h4 32. Kh2 a5 33. Kh3 b4
34. cxb4 axb4 35. Kxh4 Kf7 36. Bd2 Ke6 37. Kg4 Kf7 38. Ng3 Ke6 39. Ne2 Nb6 40.
Bxb4 Kd5 41. Bc3 Nc4 42. a4 Ke4 43. f4 Ne3+ 44. Kg3 Kd3 45. Ng1 Nf1+ 46. Kg4
Ne3+ 47. Kf3 Nc2 48. a5 Ne3 49. a6 Nd1 50. a7 Ne3 51. a8=Q 1-0

[Event "AUTO-OPEN-961"]
[Site "http://www.queenalice.com/game.php?id=458118"]
[Date "2008.9.4"]
[Round "3"]
[White "salso"]
[Black "BraulioFerreira"]
[Result "0-1"]
[WhiteElo "2015"]
[BlackElo "1710"]

1. d4 Nf6 2. Nc3 d5 3. Bf4 e6 4. f3 g6 5. e4 dxe4 6. fxe4 Bg7 7. Nf3 O-O 8. Bc4
Nbd7 9. e5 Ne8 10. Bg5 f6 11. Bxe6+ Kh8 12. Bxd7 Bxd7 13. exf6 Nxf6 14. O-O Bg4
15. Qd2 Bxf3 16. Rxf3 c6 17. Raf1 Qd6 18. Bxf6 Rxf6 19. Rxf6 Bxf6 20. Ne2 c5 21.
c3 Rd8 22. Qf4 Be7 23. Qxd6 Bxd6 24. g3 cxd4 25. Nxd4 Bc5 26. Rd1 Re8 27. Kf2
Rc8 28. Ke3 Kg7 29. Kd3 Bxd4 30. cxd4 Kf6 31. Re1 Rc7 32. Re2 Re7 33. Rxe7 Kxe7
34. d5 Kd6 35. Kd4 b6 36. b4 h5 37. a4 g5 38. h4 gxh4 39. gxh4 a6 40. a5 bxa5
41. bxa5 Ke7 42. Ke5 Kd7 43. Kf6 Kd6 44. Kg5 Kxd5 45. Kxh5 Ke6 46. Kg6 Kd6 47.
h5 Kc6 0-1

[Event "AUTO-OPEN-961"]
[Site "http://www.queenalice.com/game.php?id=458119"]
[Date "2008.9.4"]
[Round "3"]
[White "BraulioFerreira"]
[Black "salso"]
[Result "0-1"]
[WhiteElo "1783"]
[BlackElo "2013"]

1. e4 e6 2. c3 d5 3. exd5 Qxd5 4. d4 e5 5. Be3 exd4 6. Qxd4 Nf6 7. c4 Qxd4 8.
Bxd4 Bb4+ 9. Nc3 c5 10. Bxf6 gxf6 11. Rc1 Bf5 12. Nf3 Nc6 13. Be2 Nd4 14. O-O
Bxc3 15. bxc3 Nxe2+ 16. Kh1 Nxc1 17. Rxc1 O-O-O 18. Nh4 Bd3 0-1

[Event "Care for a game? "]
[Site "http://www.queenalice.com/game.php?id=463971"]
[Date "2008.9.16"]
[Round "-"]
[White "Fafner"]
[Black "BraulioFerreira"]
[Result "1-0"]
[WhiteElo "1915"]
[BlackElo "1761"]

1. e4 e6 2. d4 d5 3. Nc3 Bb4 4. e5 Ne7 5. Bd2 Bxc3 6. bxc3 O-O 7. Nf3 Nd7 8. Bd3
f6 9. h4 fxe5 10. Ng5 Nf6 11. dxe5 Ne4 12. Nxe4 dxe4 13. Bxe4 c6 14. g4 Nd5 15.
g5 b6 16. Bxh7+ Kxh7 17. Qh5+ Kg8 18. g6 Rf5 19. Qh7+ Kf8 20. Qh8+ 1-0

[Event "Let's Play Chess!"]
[Site "http://www.queenalice.com/game.php?id=464224"]
[Date "2008.9.16"]
[Round "-"]
[White "axelsun"]
[Black "BraulioFerreira"]
[Result "1-0"]
[WhiteElo "1872"]
[BlackElo "1729"]

1. Nf3 d5 2. d4 Nf6 3. c4 e6 4. Nc3 Be7 5. Bg5 Nbd7 6. e3 c5 7. Be2 O-O 8. O-O
cxd4 9. Nxd4 h6 10. Bh4 b6 11. cxd5 Nxd5 12. Bxe7 Nxe7 13. Rc1 Bb7 14. Ncb5 Nc5
15. Qc2 a6 16. Nc3 Rc8 17. f3 b5 18. b3 Nd7 19. Qb2 Nd5 20. Nxd5 Bxd5 21. e4
Rxc1 22. Rxc1 Bb7 23. Qd2 Nf6 24. Qe3 Qb6 25. Nc2 Qxe3+ 26. Nxe3 Rc8 27. Rxc8+
Bxc8 28. Nc2 Bb7 29. Kf2 Kf8 30. Ke3 Nd7 31. Kd4 Ke7 32. f4 Kd6 33. Bf3 e5+ 34.
fxe5+ Nxe5 35. Be2 Nc6+ 36. Ke3 Ke5 37. Ne1 Ne7 38. Nd3+ Kd6 39. e5+ Kc7 40. Bf3
Bxf3 41. gxf3 Nc8 42. b4 Ne7 43. Ke4 g6 44. Nc5 Kb6 45. f4 a5 46. e6 f6 47. Nd7+
Ka6 48. Nxf6 axb4 49. Nd5 1-0

[Event "Let's Play Chess!"]
[Site "http://www.queenalice.com/game.php?id=464227"]
[Date "2008.9.16"]
[Round "-"]
[White "BraulioFerreira"]
[Black "axelsun"]
[Result "0-1"]
[WhiteElo "1709"]
[BlackElo "1880"]

1. e4 e5 2. Nf3 Nc6 3. Bc4 Bc5 4. b4 Bxb4 5. c3 Ba5 6. O-O Nf6 7. d4 d6 8. dxe5
Nxe4 9. Re1 Bf5 10. g4 Nxc3 11. Nxc3 Bxc3 12. exd6+ Bxe1 13. Qxe1+ Be6 14. Bxe6
fxe6 15. Qxe6+ Kf8 16. dxc7 Qxc7 17. Ba3+ Ne7 18. Qxe7+ Qxe7 19. Bxe7+ Kxe7 20.
Rb1 b6 21. Kg2 Rac8 22. Re1+ Kf6 23. h3 g5 24. Kg3 Rc2 25. a3 Ra2 26. Re3 h6 27.
Nd4 Rc8 28. f4 Rc4 29. fxg5+ hxg5 30. Nb5 a6 31. Nd6 Ra4 32. Ne4+ Kg6 33. Kf3
R4xa3 0-1

[Event "Let's Play Chess!"]
[Site "http://www.queenalice.com/game.php?id=467453"]
[Date "2008.9.23"]
[Round "-"]
[White "BraulioFerreira"]
[Black "MarcosT"]
[Result "0-1"]
[WhiteElo "1823"]
[BlackElo "1719"]

1. d4 Nf6 2. c4 e6 3. Nc3 Bb4 4. Qc2 c5 5. a3 Qa5 6. Bd2 cxd4 7. Na2 Bxd2+ 8.
Qxd2 Qxd2+ 9. Kxd2 Ne4+ 10. Ke1 b6 11. Nf3 Nc6 12. g3 Bb7 13. Bg2 O-O 14. Nc1 d6
15. Nd3 Rfe8 16. Nd2 Nxd2 17. Kxd2 Rab8 18. Rhd1 Na5 0-1

[Event "Let's Play Chess!"]
[Site "http://www.queenalice.com/game.php?id=467454"]
[Date "2008.9.23"]
[Round "-"]
[White "Mahalael"]
[Black "BraulioFerreira"]
[Result "0-1"]
[WhiteElo "1477"]
[BlackElo "1786"]

1. e4 c5 2. Nf3 d6 3. Bc4 Nc6 4. Ng5 e6 5. Qf3 Qxg5 6. c3 Qd8 7. Na3 a6 8. O-O
Nf6 9. d3 Na5 10. b4 Nxc4 11. Nxc4 d5 12. Ne5 cxb4 13. g4 Bd6 14. d4 dxe4 15.
Qg2 bxc3 16. g5 Nd7 17. f4 Nxe5 18. dxe5 Bc5+ 19. Kh1 Qd5 20. h4 b5 21. a4 b4
22. Re1 Bb7 23. Kh2 e3 24. Bxe3 Qxg2# 0-1

[Event "AUTO-ADV-1049"]
[Site "http://www.queenalice.com/game.php?id=467575"]
[Date "2008.9.24"]
[Round "1"]
[White "BraulioFerreira"]
[Black "davi21"]
[Result "0-1"]
[WhiteElo "1803"]
[BlackElo "1778"]

1. d4 d5 2. Nf3 Nc6 3. Bf4 Nf6 4. c4 b6 5. e3 h6 6. h3 Ne4 7. Qc2 Bf5 8. Bd3 Nb4
9. Qe2 e6 10. O-O Nxd3 11. Qxd3 Ng3 0-1

[Event "AUTO-ADV-1049"]
[Site "http://www.queenalice.com/game.php?id=467576"]
[Date "2008.9.24"]
[Round "1"]
[White "davi21"]
[Black "BraulioFerreira"]
[Result "1-0"]
[WhiteElo "1761"]
[BlackElo "1725"]

1. e4 e6 2. e5 d5 3. d4 c5 4. Nf3 Nd7 5. Bd3 cxd4 6. Bb5 Qa5+ 7. Qd2 Qxb5 8.
Nxd4 Qb6 9. c3 Nxe5 10. O-O Nf6 11. h3 Bc5 12. Qg5 Ng6 13. Nd2 O-O 14. N2f3 Bxd4
15. cxd4 Bd7 16. h4 Rac8 17. h5 Ne7 18. Nh4 Qxd4 19. h6 g6 20. Nf3 Qg4 21. Qxf6
Nf5 22. b3 Rxc1 23. Raxc1 Rc8 24. Rxc8+ Bxc8 25. Qd8# 1-0

[Event "AUTO-ADV-1049"]
[Site "http://www.queenalice.com/game.php?id=467577"]
[Date "2008.9.24"]
[Round "1"]
[White "BraulioFerreira"]
[Black "Ashitaka"]
[Result "0-1"]
[WhiteElo "1716"]
[BlackElo "1952"]

1. e4 c5 2. Nf3 d6 3. d4 cxd4 4. Nxd4 Nf6 5. Nc3 a6 6. Be2 e5 7. Nb3 Be7 8. O-O
Be6 9. Be3 O-O 10. f3 d5 11. exd5 Nxd5 12. Nxd5 Bxd5 13. c4 Be6 14. Qxd8 Rxd8
15. Rfd1 Nc6 16. Rxd8+ Rxd8 17. Nc5 Bxc5 18. Bxc5 Rd2 19. Bf1 Rxb2 20. a3 f6 21.
Bd3 Na5 22. Rc1 Nb3 0-1

[Event "AUTO-ADV-1049"]
[Site "http://www.queenalice.com/game.php?id=467578"]
[Date "2008.9.24"]
[Round "1"]
[White "Ashitaka"]
[Black "BraulioFerreira"]
[Result "1-0"]
[WhiteElo "1935"]
[BlackElo "1738"]

1. e4 e5 2. Nf3 Nc6 3. Bb5 a6 4. Ba4 Nf6 5. O-O Be7 6. Re1 b5 7. Bb3 O-O 8. c3
d6 9. h3 Bb7 10. d4 Re8 11. a4 b4 12. d5 Na5 13. cxb4 Nxb3 14. Qxb3 Rc8 15. b5
axb5 16. axb5 Qd7 17. Nc3 Ra8 18. Ra3 Rxa3 19. bxa3 Ra8 20. a4 1-0

[Event "AUTO-ADV-1049"]
[Site "http://www.queenalice.com/game.php?id=467579"]
[Date "2008.9.24"]
[Round "1"]
[White "BraulioFerreira"]
[Black "thw"]
[Result "0-1"]
[WhiteElo "1770"]
[BlackElo "1949"]

1. c4 e5 2. g3 d5 3. Bg2 Nf6 4. cxd5 Nxd5 5. Nc3 Be6 6. Nf3 Nc6 7. O-O Nxc3 8.
dxc3 Bd6 9. b3 Qd7 10. Bb2 O-O-O 11. c4 f6 12. Qc1 Bh3 13. Rd1 Bxg2 14. Kxg2 Qg4
15. Qd2 g5 16. h3 Qe6 17. a3 h5 18. h4 gxh4 19. Nxh4 Bxa3 20. Qc3 Bxb2 21. Qxb2
Rhg8 22. Rd3 Rxd3 23. exd3 a6 24. Re1 Nd4 25. Nf3 Nxf3 26. Kxf3 Qf5+ 27. Ke3 Rd8
0-1

[Event "AUTO-ADV-1049"]
[Site "http://www.queenalice.com/game.php?id=467580"]
[Date "2008.9.24"]
[Round "1"]
[White "thw"]
[Black "BraulioFerreira"]
[Result "1-0"]
[WhiteElo "1953"]
[BlackElo "1790"]

1. e4 d6 2. d4 Nf6 3. Nc3 g6 4. Be3 Bg7 5. Qd2 O-O 6. O-O-O Nc6 7. f4 a6 8. h3
b5 9. e5 dxe5 10. dxe5 Qxd2+ 11. Rxd2 Nd7 12. Bd3 Rd8 13. Nf3 Nf8 14. g4 Bb7 15.
Rhd1 Ne6 16. Be4 Rab8 17. f5 Rxd2 18. Rxd2 Nf8 19. Bf4 Na5 20. Bxb7 Nxb7 21. Nd5
Kh8 22. Nxe7 Rd8 23. f6 1-0

[Event "Slorche"]
[Site "http://www.queenalice.com/game.php?id=477740"]
[Date "2008.10.15"]
[Round "1"]
[White "lafasouza"]
[Black "BraulioFerreira"]
[Result "0-1"]
[WhiteElo "1723"]
[BlackElo "1736"]

1. e4 Nf6 2. e5 Nd5 3. Bc4 Nb6 4. b3 g6 5. Qf3 Nxc4 6. bxc4 Bg7 7. Bb2 d6 8. d4
Nc6 9. d5 Nxe5 10. Bxe5 dxe5 11. Nc3 e4 12. Qe3 O-O 13. Rb1 b6 14. Nxe4 Bf5 15.
Ng5 Bxc2 16. Qh3 h6 17. Rc1 Bf5 18. g4 Bd7 19. N5f3 c6 20. Ne2 Rc8 21. dxc6 Bxc6
22. Qg2 Bb7 23. Rd1 Qc7 24. Rc1 Qc5 25. O-O Qc6 26. Nh4 Qxg2+ 27. Nxg2 Ba6 28.
Ne3 e6 29. Rfd1 Rfd8 30. Rxd8+ Rxd8 31. Ng3 Bf8 32. Ne4 Be7 33. Kg2 Bb7 34. f3
Bxe4 35. fxe4 Rd2+ 36. Kf1 Rxh2 37. Rc2 Rxc2 38. Nxc2 Bc5 39. a4 Kg7 40. Ke2 Kf6
41. Ne3 Bxe3 42. Kxe3 Ke5 43. Kf3 g5 44. Ke3 a5 45. Kf3 Kd4 46. c5 bxc5 47. e5
c4 48. Ke2 Ke4 49. Kd2 Kxe5 50. Kc3 Kd5 51. Kc2 Kd4 52. Kc1 Kc3 53. Kb1 Kd2 54.
Kb2 c3+ 55. Kb3 c2 56. Ka3 c1=Q+ 57. Ka2 Qc4+ 58. Ka3 Qb4+ 59. Ka2 Kc2 60. Ka1
Qb2# 0-1

[Event "Slorche"]
[Site "http://www.queenalice.com/game.php?id=574946"]
[Date "2009.4.20"]
[Round "2"]
[White "Matrim"]
[Black "BraulioFerreira"]
[Result "1-0"]
[WhiteElo "2128"]
[BlackElo "1751"]

1. d4 Nf6 2. Bf4 d6 3. Nf3 g6 4. e3 Bg7 5. Bd3 O-O 6. c4 Nh5 7. Bg3 Nxg3 8. hxg3
c5 9. Nc3 Nd7 10. Qd2 Qc7 11. Nb5 Qd8 12. Nc3 b6 13. g4 Bb7 14. d5 Qc8 15. g5
Ne5 16. Nxe5 Bxe5 17. O-O-O Qg4 18. f4 Bxc3 19. Qxc3 f6 20. Rh6 Rf7 21. Rdh1 Qg3
22. Bxg6 hxg6 23. Rh8+ 1-0

[Event "Slorche"]
[Site "http://www.queenalice.com/game.php?id=621365"]
[Date "2009.7.19"]
[Round "3"]
[White "BraulioFerreira"]
[Black "petrovic"]
[Result "1-0"]
[WhiteElo "1751"]
[BlackElo "1851"]

1. Nf3 b6 2. e4 Bb7 3. d3 d6 4. Nbd2 e5 5. g3 h6 6. Bg2 Nf6 7. O-O Be7 8. Qe2
O-O 9. b4 b5 10. Bb2 a6 11. d4 exd4 12. Bxd4 c5 13. bxc5 dxc5 14. Bb2 Nc6 15.
Nb3 c4 16. Nbd4 Bc5 17. Rad1 Nxd4 18. Nxd4 Rb8 19. Ne6 Qb6 20. Nxf8 Rxf8 21.
Bxf6 Qxf6 22. e5 Qe7 23. Bxb7 Qxb7 24. Rfe1 Kh8 25. Qe4 Qa7 26. Re2 a5 27. Rd5
f5 28. Qf3 Kg8 29. e6 g6 30. Rd7 Qa8 31. Qxa8 Rxa8 32. e7 Re8 33. Re5 Bb4 34.
Rxb5 c3 35. a3 Bxa3 36. Rxa5 Bxe7 37. Raa7 Kf7 38. Rdc7 Kf6 39. Rxc3 Kg5 40.
Rcc7 Bf6 41. h4+ Kh5 42. Rf7 Re1+ 43. Kg2 Bd4 44. Rad7 Bc3 45. Rfe7 Rc1 46. Re2
Bf6 47. Rd6 Bc3 48. Rc6 Bg7 49. c4 g5 50. hxg5 hxg5 51. Rc7 Bf8 52. Re6 Rc2 53.
Rh7+ 1-0

[Event "Slorche"]
[Site "http://www.queenalice.com/game.php?id=712574"]
[Date "2010.1.12"]
[Round "4"]
[White "BraulioFerreira"]
[Black "marcosbratz"]
[Result "1-0"]
[WhiteElo "1771"]
[BlackElo "1738"]

1. e4 e5 2. Nf3 Nc6 3. Bb5 a6 4. Ba4 Nf6 5. O-O Bc5 6. d3 O-O 7. c3 Re8 8. Nbd2
b5 9. Bb3 d5 10. exd5 Nxd5 11. Ne4 Bg4 12. Nxc5 b4 13. cxb4 Ndxb4 14. a3 Bxf3
15. Qxf3 Nd4 16. Qxf7+ Kh8 17. Ne6 Re7 18. Nxd8 Rxf7 19. Nxf7+ Kg8 20. Nxe5+ Kf8
21. Bd1 Re8 22. axb4 1-0

[Event "Slorche"]
[Site "http://www.queenalice.com/game.php?id=759752"]
[Date "2010.4.12"]
[Round "5"]
[White "XaraX"]
[Black "BraulioFerreira"]
[Result "0-1"]
[WhiteElo "1872"]
[BlackElo "1786"]

1. d4 Nf6 2. c4 g6 3. Nc3 d5 4. cxd5 Nxd5 5. e4 Nxc3 6. bxc3 Bg7 7. Nf3 c5 8.
Qd3 O-O 9. Be2 Nc6 10. O-O Bg4 11. d5 Na5 12. h3 Bxf3 13. Bxf3 c4 14. Qe2 b5 15.
Bd2 Nb7 16. a4 a6 17. Rfe1 Nc5 18. axb5 axb5 19. Rxa8 Qxa8 20. Qe3 Nb3 21. Rd1
Nxd2 22. Qxd2 Qa3 23. Rc1 Rb8 24. Qe3 b4 25. cxb4 Qxb4 26. Be2 c3 27. e5 Rc8 28.
f4 Qc5 29. Qxc5 Rxc5 30. Bf3 g5 31. g3 gxf4 32. gxf4 Bh6 33. d6 exd6 34. exd6
Bxf4 35. Rc2 Bxd6 36. Kg2 Bf4 37. Kf2 Be5 38. Ke3 f6 39. Kd3 Rc7 40. Bg4 Kg7 41.
h4 Rc6 42. Bf5 Rd6+ 43. Kc4 Kh6 44. h5 Rd4+ 45. Kb3 Rd2 46. Bg4 Rxc2 47. Kxc2
Kg5 48. Be2 f5 49. Kd3 h6 50. Bf3 Kf4 51. Be2 Kg3 52. Bd1 Kf2 53. Kc2 Ke3 54.
Kb3 f4 55. Kc2 f3 0-1